| 000 | 01009nam a2200253 u 4500 | ||
|---|---|---|---|
| 001 | 000447755 | ||
| 003 | AM-YeHGA | ||
| 005 | 20250618072453.0 | ||
| 008 | 050614s2004 ai r 000 0 arm d | ||
| 020 | _a9994134531 | ||
| 040 | _aAM-YeHGA | ||
| 041 | 0 | _aarm | |
| 100 | 1 |
_aՉալիկյան, Գրիգոր Սարգսի, _d1920-2004 _91986 |
|
| 245 | 1 | 0 |
_aՊարույր Սևակի ու մի քիչ էլ իմ մասին : _b[Հուշեր] / _cԳ.Ս. Չալիկյան; Խմբ.՝ Ա.Հ. Պարսամյա. |
| 246 | 1 | 5 | _aԱնլռելի սիրահարը |
| 260 |
_aԵրևան : _bՀԳՄ հրատ., _c2004. |
||
| 300 |
_a168 էջ : _bլուսանկ. ; _c19 սմ. |
||
| 600 | 1 | 4 |
_aՍևակ, Պարույր, _d1924-1971 _9865 |
| 650 | 1 | 4 |
_aՀայ գրականություն _xՀուշագրություն |
| 650 | 1 | 4 |
_aՀայ գրականագիտություն _94862 |
| 653 | 0 | _aՀայ գրողներ | |
| 700 | 1 |
_aՊարսամյան, Անահիտ Հարությունի, _d1947- _eխմբ. _4edt |
|
| 090 | _c164693 | ||
| 999 |
_c163276 _d163276 |
||